000 00851nam a22002297a 4500
005 20240530110533.0
008 160322s2012 ua g b 000 0 ara d
017 _a2012/3321
_bمصر . دار الكتب المصرية
020 _a9789774990649
040 _aEG-CaGPL
082 0 4 _221
_a257.1\
_bا ق
100 0 _aالحمادى ذويب
245 _aقضية الحكم فى الفكر الاسلامى الحديث /
_cالحمادى ذويب
250 _aط1
260 _aالقاهرة :
_bرؤية للنشر و التوزيع ،
_c2012 .
300 _a303 :
_bايض ؛
_c19 سم .
504 _aيشتمل على ارجاعات ببليوجرافية
650 0 4 _aالاسلام و السياسة
650 0 4 _aالاسلام ، نظام الحكم فى
942 _2ddc
_cBK
999 _c62123
_d62123